000 02060aam a2200313 i 4500
001 4494
003 CO-MdFUSB
005 20230823104447.0
007 ta
008 230817t1801 us ||||g |||| 00| 0 eng d
040 _bspa
_aCO-MdFUSB
_cCO-MdFUSB
_dCO-MdFUSBC
_erda
041 _aeng
082 0 4 _223
_a234.8
_bW8732p
100 1 _aWood, J. A. (John Allen) (1828-)
_eautor
245 1 0 _aPerfect love
_b: plain things for those who need them; concerning the doctrine, experience, profession, and practice of christian holiness
_c/ J. A. Wood
250 _a23
264 1 _aNew York, New York, USA :
_bW.C. Palmer, Jr.,
_c[Fecha de publicación no identificada].
264 _c©1801
300 _a314 páginas
_c; 19 cm
336 _2rdacontent
_atexto
_btxt
337 _2rdamedia
_asin mediación
_bn
338 _2rdacarrier
_avolumen
_bnc
505 _aTérminos que significan una salvación evangélica completa -- La regeneración y la entera santificación no son idénticas -- La naturaleza de la regeneración -- La naturaleza de la perfección cristiana -- La santidad alcanzable -- El tiempo entre la regeneración y la entera santificación -- La santidad no se obtiene por el crecimiento en la gracia - - Indicaciones para alcanzar la santidad -- La evidencia del amor perfecto -- La profesión del amor perfecto -- Testimonio del amor perfecto -- Razones por las que todo cristiano debe ser enteramente santificado -- La santidad debe ser predicada -- La santidad predicada en el metodismo primitivo -- Santidad identificada con la promoción de la obra general de Dios -- Resultados de no buscar la santidad -- Pruebas de los santificados -- Cómo se puede retener un estado de entera santificación -- Objeciones a la búsqueda del amor perfecto -- Varios -- Hacer afición a la santidad -- Usar joyas y atavíos costosos -- El uso del tabaco -- Entusiasmo, confusión, gritos, caídas, etc. -- Experiencia del autor
563 _aTapa dura
650 1 0 _aSantidad
_9393
942 _cP
945 _aAF
999 _c35085
_d35085